Religion Quiz

Random Religion or Church Quiz

Profile: Martin Luther Quiz Stats

 Plays Quiz Updated Oct 31, 2017

Challenge
Share
Tweet
Score 0/17 Timer 10:00
6 Plays Today
% Correct
Germany
92.7%
Ethiopia, Tanzania, Sweden, Indonesia,


Denmark, India, Finland, Norway,


United States, Madagascar, Nigeria


Netherlands, Papua New Guinea, Namibia
80.3%
Reformation
74.9%
95
68.6%
Purgatory
64%
Hymns
61.3%
Greek
60.8%
Johannes Gutenberg
59.4%
1517
54.1%
% Correct
Faith
52.7%
Indulgences
50.8%
Worms
49.8%
Halloween
48.3%
1483
44.2%
1546
43.5%
Charles V
26.6%
February 18
9.4%

You're not logged in!

Compare scores with friends on all Sporcle quizzes.
OR
Log In

You Might Also Like...

Show Comments

Extras

Top Quizzes Today


Score Distribution

Your Account Isn't Verified!

In order to create a playlist on Sporcle, you need to verify the email address you used during registration. Go to your Sporcle Settings to finish the process.

Report this User

Report this user for behavior that violates our Community Guidelines.

Details: